Κωνσταντίνος Καβάφης
Αποθηκεύτηκε σε:
| Κύριος συγγραφέας: | |
|---|---|
| Άλλοι συγγραφείς: | |
| Μορφή: | Ηχητικό |
| Γλώσσα: | Greek |
| Δημοσίευση: |
[Χ.τ.] :
Lyra : Εταιρία Γενικών Εκδόσεων,
p2008.
|
| Σειρά: | Έλληνες ποιητές διαβάζουν έργα τους ;
24 |
| Θέματα: | |
| Ετικέτες: |
Προσθήκη ετικέτας
Δεν υπάρχουν, Καταχωρήστε ετικέτα πρώτοι!
|
MARC
| LEADER | 00000cjm a2200000 i 4500 | ||
|---|---|---|---|
| 001 | 1/5556 | ||
| 008 | 100311s2008 gr ||||||| || | gre|| | ||
| 028 | 0 | 2 | |a 2711602041 |b Lyra |
| 035 | |l 10107203 | ||
| 040 | |a GR-MyUa |b gre |e AACR2 | ||
| 041 | 0 | |a gre | |
| 082 | 7 | |a 889.1 |2 (22) | |
| 100 | 1 | |a Καβάφης, Κωνσταντίνος Π., |d 1863-1933. | |
| 245 | 1 | 0 | |a Κωνσταντίνος Καβάφης |h [ηχογράφηση]. |
| 260 | |a [Χ.τ.] : |b Lyra : |b Εταιρία Γενικών Εκδόσεων, |c p2008. | ||
| 300 | |a 1 δίσκος CD (40 λεπτ.) : |b ψηφιακός, στέρεο ; |c 4 3/4 ίν. | ||
| 490 | 1 | |a (Έλληνες ποιητές διαβάζουν έργα τους ; |v 24) | |
| 505 | 8 | |a 1905-1915: 1.α. Η πόλις / β. Η σατραπεία / γ. Απολείπειν ο θεός Αντώνιον / δ. Ο Θεόδοτος / ε. Ιθάκη / στ. Όσο μπορείς / ζ. Τρώες -- 2.α. Η δυσαρέσεια του Σελευκίδου / β. Οροφέρνης / γ. Αλεξανδρινοί βασιλείς -- 3.α. Πολύ σπανιώς / β. Του μαγαζιού / γ. Θάλασσα του πρωιού -- 4.α. Μια νύχτα / β. Επέστρεφε / γ. Μακρυά / δ. Ομνύει -- 1916-1918: 5.α. Απ' τες εννιά / β. Νόησις / γ. Καισαρίων -- 6.α. Η διορία του Νέρωνος / β. Ένας θεός των / γ. Ιγνατίου τάφος / δ. Για τον Αμμόνη / ε. Αιμιλιανός Μονάη -- 7.α. Όταν διεγείρονται / β. Κάτω απ'το σπίτι / γ. Το διπλανό τραπέζι / δ. Θυμήσου, σώμα... -- 8.α. Φωνές / β. Επιθυμίες / γ. Τείχη / δ. Περιμένοντας τους βαρβάρους / ε. Απιστία. | |
| 511 | 0 | |a Διαβάζει ο Γιώργος Π. Σαββίδης. | |
| 650 | 0 | |a Greek poetry, Modern |y 20th century. | |
| 700 | 1 | |a Σαββίδης, Γιώργος Π., |d 1929-1995, |e nrt | |
| 830 | 0 | |a Έλληνες ποιητές διαβάζουν έργα τους ; |v 24 | |
| 852 | |a INST |b SYROS |c AV |e 20100311 |h 889.1 ΚΑΒ |p 005500007774 |q 005500007774 |t CD |y 23 | ||
| 901 | |a BIBL1-2006-1 | ||
| 970 | |a Κοντού |b Παρασκευή |z 11/03/2010 | ||